Word Ladder: U2 Songs Quiz Stats

Quiz Updated Aug 9, 2016

Challenge
Share
Tweet
Embed
Score 0/30 Timer 03:00
2 Plays Today
Clue 4-Letter Word % Correct
♫ ___ or Without You ♫♫ WITH ♫
99.5%
♫ All I ___ Is You ♫♫ WANT ♫
98.5%
Request made at a fountainWISH
97.5%
Mickey Mouse creator DisneyWALT
97.5%
The Rock and Roll ___ of FameHALL
97.3%
♫ I ___ Follow ♫♫ WILL ♫
97.1%
♫ One Tree ___♫ HILL ♫
95.9%
Move a car to a stationary positionPARK
95.7%
Dog's utteranceBARK
95.6%
Abruptly stopHALT
95.4%
♫ ___ On ♫♫ WALK ♫
95.3%
A source of water on many farmsWELL
94.7%
Peter Pan villain, Captain ___HOOK
94.6%
Surrender a bad poker handFOLD
93.4%
Experienced and knowledgableWISE
93.3%
Clue 4-Letter Word % Correct
Diminish like the moonWANE
93.1%
♫___ Me, Thrill Me, Kiss Me, Kill Me ♫♫ HOLD ♫
92.9%
Survey of public opinionPOLL
92.8%
Music genre related to traditional songsFOLK
92.5%
Pitcher's errorBALK
92.1%
Engine coveringHOOD
91.8%
Seized from someoneTOOK
91.8%
Surname of eleventh US PresidentPOLK
91.2%
♫ Xanax and ___♫ WINE ♫
90.3%
US Federal College Grant namePELL
90.1%
Bugs Bunny or Daffy Duck, e.g.TOON
90%
Comedian Kevin or professional wrestler BretHART
87.5%
♫ God ___ II ♫♫ PART ♫
86.6%
♫ I Fall ___♫ DOWN ♫
86.4%
♫ Red Hill Mining ___♫ TOWN ♫
85.7%

Today's Daily Dose

Missing Word
Law Misconceptions

Word Ladder
Easy Math

On This Day
January 20th

You're not logged in!

Compare scores with friends on all Sporcle quizzes.
Sign Up with Email
OR
Log In

You Might Also Like...

Show Comments

Extras

Top Quizzes Today


Score Distribution

Your Account Isn't Verified!

In order to create a playlist on Sporcle, you need to verify the email address you used during registration. Go to your Sporcle Settings to finish the process.